[Event "Vienna Chess Open 2013"]
[Site "Großer Festsaal im Wiener Rat"]
[Date "2013.08.24"]
[Round "8.18"]
[White "Grötz, Harald"]
[Black "Sipilä, Vilka"]
[Result "1/2-1/2"]
[WhiteElo "2316"]
[BlackElo "2474"]
[PlyCount "237"]
[EventDate "2013.??.??"]

1. e4 e5 2. Nf3 Nc6 3. Bb5 f5 4. d3 fxe4 5. dxe4 Nf6 6. O-O Bc5 7. Qe2 d6 8.
Qc4 Bd7 9. Nc3 Qe7 10. Nd5 Nxd5 11. exd5 Nd4 12. Bxd7+ Qxd7 13. Nxd4 Bxd4 14.
Be3 Bxe3 15. fxe3 O-O-O 16. Rf2 Rhf8 17. Raf1 Rxf2 18. Rxf2 a6 19. b3 Kb8 20.
a4 Qe7 21. e4 Rf8 22. Rxf8+ Qxf8 23. Qf1 Qe7 24. Qf5 g6 25. Qf3 Qg5 26. Qe2
Qc1+ 27. Kf2 h5 28. g3 g5 29. Kg2 a5 30. Kf2 c6 31. dxc6 bxc6 32. Kg2 Kb7 33.
Kf2 Qb2 34. Kg2 Qc3 35. Kh3 Kb6 36. Qxh5 Qxc2 37. Qxg5 Qxb3 38. Qd8+ Kc5 39.
Qxa5+ Kd4 40. Qd2+ Kxe4 41. Qg2+ Kd4 42. Qxc6 Qe6+ 43. Kg2 e4 44. Qb6+ Kd3 45.
Qb1+ Kd2 46. Qb2+ Kd3 47. Qb1+ Kc3 48. Qc1+ Kb4 49. Qb2+ Kxa4 50. Qd4+ Kb3 51.
h4 Kc2 52. Qe3 Qg4 53. h5 Qxh5 54. Qxe4+ Kd2 55. Qd4+ Ke2 56. Qe4+ Kd2 57. Qd4+
Ke2 58. Qxd6 Qf3+ 59. Kh2 Qh5+ 60. Kg2 Qf3+ 61. Kh2 Qh5+ 62. Kg1 Qf5 63. Qf4
Qc5+ 64. Kg2 Qd5+ 65. Kh3 Qh5+ 66. Qh4 Qf7 67. Qe4+ Kd1 68. g4 Qf6 69. Kg3 Qd8
70. Qf3+ Kc2 71. Qf5+ Kb2 72. g5 Qd6+ 73. Kh3 Qa3+ 74. Kh4 Qa4+ 75. Kh5 Qd1+
76. Kh6 Qd2 77. Kh7 Qh2+ 78. Kg7 Kc1 79. Qc5+ Kb1 80. Qb6+ Kc2 81. Qc6+ Kb1 82.
Qe4+ Kc1 83. g6 Qc7+ 84. Kf8 Qd8+ 85. Qe8 Qd6+ 86. Kg8 Qd5+ 87. Qf7 Qd8+ 88.
Kg7 Qd4+ 89. Qf6 Qd7+ 90. Kf8 Qc8+ 91. Ke7 Qc7+ 92. Ke6 Qc6+ 93. Kf7 Qd7+ 94.
Qe7 Qf5+ 95. Kg7 Qd5 96. Qe3+ Kb2 97. Kh7 Qh5+ 98. Qh6 Qf5 99. Qh2+ Kb1 100.
Qh1+ Kb2 101. Qb7+ Kc1 102. Qc6+ Kb1 103. Kg8 Kb2 104. g7 Kb1 105. Qh1+ Ka2
106. Qh2+ Ka3 107. Kh8 Qf6 108. Qh3+ Ka2 109. Qh5 Ka3 110. Kh7 Qe7 111. Qg4 Qf7
112. Qg5 Qd7 113. Qe3+ Ka4 114. Kh8 Qd8+ 115. g8=Q Qh4+ 116. Kg7 Qg4+ 117. Kf7
Qf5+ 118. Ke7 Qc5+ 119. Qxc5 1/2-1/2

[Event "Vienna Chess Open 2013"]
[Site "Großer Festsaal im Wiener Rat"]
[Date "2013.08.24"]
[Round "8.19"]
[White "Certek, Pavel"]
[Black "Cherniaev, Alexander"]
[Result "0-1"]
[WhiteElo "2304"]
[BlackElo "2451"]
[PlyCount "98"]
[EventDate "2013.??.??"]

1. d4 Nf6 2. Nf3 c5 3. e3 g6 4. Be2 Bg7 5. O-O O-O 6. b3 cxd4 7. Nxd4 d5 8. Bb2
e5 9. Nf3 e4 10. Nd4 Nc6 11. c4 Ne5 12. cxd5 Nxd5 13. Nc3 Nxc3 14. Bxc3 b6 15.
Rc1 Qg5 16. Kh1 Bb7 17. Bb4 Rfc8 18. Qd2 a5 19. Ba3 Nd3 20. Rxc8+ Rxc8 21. f4
Qd5 22. Bb2 Nxb2 23. Qxb2 Qc5 24. Rd1 Qc3 25. Qxc3 Rxc3 26. Nb5 Rxe3 27. Bc4
Ba6 28. Kg1 Bxb5 29. Bxb5 Bf8 30. Bc4 Be7 31. Kf1 Rc3 32. Rd7 Bc5 33. Bxf7+ Kh8
34. Ke2 e3 35. Kd1 Ba3 36. g4 Rc1+ 37. Ke2 Bc5 38. Bc4 Rc2+ 39. Kf3 Rxh2 40.
Kg3 Rd2 41. Rb7 e2 42. Rb8+ Kg7 43. Rb7+ Kf8 44. Rb8+ Ke7 45. Rb7+ Kd8 46. Bxe2
Rxe2 47. Rxh7 Rxa2 48. Rg7 Ra3 49. Rxg6 a4 0-1

[Event "Vienna Chess Open 2013"]
[Site "Großer Festsaal im Wiener Rat"]
[Date "2013.08.24"]
[Round "8.20"]
[White "Fauland, Alexander"]
[Black "Sbarra, Marco"]
[Result "1-0"]
[WhiteElo "2447"]
[BlackElo "2260"]
[PlyCount "75"]
[EventDate "2013.??.??"]

1. d4 Nf6 2. c4 e6 3. Nf3 d5 4. e3 c5 5. Nc3 a6 6. cxd5 exd5 7. Be2 Nc6 8. O-O
Bd6 9. dxc5 Bxc5 10. b3 O-O 11. Bb2 Be6 12. Rc1 Qe7 13. Na4 Bd6 14. Nd4 Ne5 15.
h3 Ne4 16. f4 Ng6 17. Bd3 Rad8 18. Nxe6 fxe6 19. Bxe4 dxe4 20. Qc2 b5 21. Nc3
Bc5 22. Qxe4 Rd2 23. Nd1 Nh4 24. Rf2 Rfd8 25. Bd4 R2xd4 26. exd4 Rxd4 27. Qa8+
Kf7 28. Qc8 Rd5 29. Kh2 Nf5 30. Rf3 Nd6 31. Qxa6 Ne4 32. Ne3 Rd2 33. Ng4 Bd6
34. Qxb5 Qa7 35. Qh5+ Ke7 36. Ne5 Rxg2+ 37. Kxg2 Qxa2+ 38. Kg1 1-0

[Event "Vienna Chess Open 2013"]
[Site "Großer Festsaal im Wiener Rat"]
[Date "2013.08.24"]
[Round "8.21"]
[White "Van Kerkhof, David"]
[Black "Moser, Eva"]
[Result "1-0"]
[WhiteElo "2291"]
[BlackElo "2433"]
[PlyCount "141"]
[EventDate "2013.??.??"]

1. e4 e6 2. d4 d5 3. Nc3 Bb4 4. e5 c5 5. a3 Bxc3+ 6. bxc3 Qa5 7. Bd2 Qa4 8. Qb1
c4 9. Nh3 Ne7 10. Nf4 Nbc6 11. Nh5 Rg8 12. Be2 Bd7 13. O-O O-O-O 14. Qc1 Rdf8
15. Bg5 Kb8 16. Qd2 Be8 17. g4 Nc8 18. Kh1 Nb6 19. f4 Qa5 20. a4 Nxa4 21. Ra3
b5 22. f5 Bd7 23. f6 g6 24. Nf4 Bc8 25. Bh6 Rd8 26. Nh3 Rd7 27. Ng5 Rb7 28.
Rfa1 Qb6 29. Rd1 Qc7 30. Bf3 a5 31. Bg7 Nb6 32. Nxh7 b4 33. Raa1 b3 34. Rdb1 a4
35. h4 Ra7 36. h5 gxh5 37. gxh5 Nd7 38. h6 Ndxe5 39. dxe5 Nxe5 40. Ng5 Nxf3 41.
Nxf3 d4 42. cxb3 cxb3 43. cxd4 Bb7 44. Kg2 Be4 45. Re1 Qc2 46. Kg3 b2 47. Ra2
Qc7+ 48. Ne5 b1=Q 49. Rxb1+ Bxb1 50. Ra1 Qb7 51. Qc1 Be4 52. h7 Bxh7 53. Nc6+
Ka8 54. Nxa7 Qxa7 55. Qh1+ Qb7 56. Qxh7 Qb3+ 57. Kg4 Rd8 58. Qe4+ Rd5 59. Bf8
Qc4 60. Bc5 Kb8 61. Rb1+ Kc8 62. Re1 a3 63. Qf4 a2 64. Ba7 e5 65. dxe5 Qb3 66.
e6 Rd1 67. exf7 a1=Q 68. f8=Q+ Kb7 69. Q8b8+ Ka6 70. Qxb3 Rxe1 71. Qb6# 1-0

[Event "Vienna Chess Open 2013"]
[Site "Großer Festsaal im Wiener Rat"]
[Date "2013.08.24"]
[Round "8.22"]
[White "Fröwis, Georg"]
[Black "Menezes, Christoph"]
[Result "1-0"]
[WhiteElo "2432"]
[BlackElo "2251"]
[PlyCount "39"]
[EventDate "2013.??.??"]

1. g3 Nf6 2. Bg2 d5 3. Nf3 c6 4. c4 Bg4 5. Ne5 Be6 6. cxd5 Bxd5 7. Nf3 c5 8.
Nc3 Bc6 9. O-O e6 10. Re1 Nbd7 11. e4 Be7 12. d4 cxd4 13. Nxd4 Qb6 14. e5 Nd5
15. Nxd5 exd5 16. e6 Nf6 17. Nf5 Bc5 18. Nxg7+ Kf8 19. Qf3 Bxf2+ 20. Kh1 1-0

[Event "Vienna Chess Open 2013"]
[Site "Großer Festsaal im Wiener Rat"]
[Date "2013.08.24"]
[Round "8.23"]
[White "Zeller, Frank"]
[Black "Spornberger, Maximilian"]
[Result "1-0"]
[WhiteElo "2419"]
[BlackElo "2250"]
[PlyCount "93"]
[EventDate "2013.??.??"]

1. d4 Nf6 2. c4 g6 3. Nc3 Bg7 4. e4 d6 5. Be2 O-O 6. Be3 c5 7. e5 Nfd7 8. exd6
exd6 9. Nf3 Nc6 10. O-O Qb6 11. Rb1 cxd4 12. Nd5 Qa5 13. Nxd4 Nde5 14. Nb5 Bf5
15. Ra1 Nd7 16. Nxd6 Bxb2 17. Nxf5 gxf5 18. Rb1 Bg7 19. Rxb7 Nde5 20. Qb1 Rab8
21. Rb5 Qa4 22. Ne7+ Kh8 23. Nxc6 Nxc6 24. Qxf5 Ne7 25. Qc5 Qxa2 26. Qxa7 Ra8
27. Qxa2 Rxa2 28. Bg4 f5 29. Bf3 Rc8 30. Bg5 Ra7 31. c5 Bd4 32. Bxe7 Rxe7 33.
c6 Be5 34. g3 Kg7 35. Rd1 Kf6 36. Kg2 Rcc7 37. Rd8 f4 38. Bd5 Rg7 39. Rf8+ Ke7
40. Rbb8 Kd6 41. Rbd8+ Kc5 42. Rf5 Rce7 43. Bf3 Kb6 44. Rd5 Bc7 45. Ra5 Bd8 46.
Rfb5+ Kc7 47. Rb7+ 1-0

[Event "Vienna Chess Open 2013"]
[Site "Großer Festsaal im Wiener Rat"]
[Date "2013.08.24"]
[Round "8.24"]
[White "Sadilek, Peter"]
[Black "Hendriks, Willy"]
[Result "0-1"]
[WhiteElo "2261"]
[BlackElo "2417"]
[PlyCount "82"]
[EventDate "2013.??.??"]

1. Nf3 d6 2. d4 Bg4 3. e3 Nd7 4. c4 Ngf6 5. Nc3 e5 6. h3 Bh5 7. g4 Bg6 8. Nh4
Ne4 9. Nxg6 Nxc3 10. bxc3 hxg6 11. Rb1 Rb8 12. Bg2 c6 13. O-O Be7 14. f4 O-O
15. Rb2 exf4 16. exf4 Nb6 17. Qd3 d5 18. cxd5 cxd5 19. Rbf2 Rc8 20. g5 Rc6 21.
h4 Qc8 22. Rf3 Qf5 23. Qe2 Re6 24. Qf2 Qg4 25. Kh1 Re4 26. Bh3 Qh5 27. Kg2 f5
28. Kg3 Bd6 29. Re1 Rfe8 30. Rfe3 Nc4 31. Rxe4 Rxe4 32. Rxe4 dxe4 33. Qf1 b5
34. a4 a6 35. axb5 axb5 36. Qf2 Qd1 37. Qf1 Qc2 38. Qe1 Qd3+ 39. Kh2 Qf3 40.
Qg3 Qd1 41. Qg1 Qc2+ 0-1

[Event "Vienna Chess Open 2013"]
[Site "Großer Festsaal im Wiener Rat"]
[Date "2013.08.24"]
[Round "8.25"]
[White "Lewicki, Miroslaw"]
[Black "Manik, Mikulas"]
[Result "1-0"]
[WhiteElo "2188"]
[BlackElo "2413"]
[PlyCount "69"]
[EventDate "2013.??.??"]

1. e4 c5 2. Nf3 d6 3. c4 e5 4. Nc3 g6 5. d3 Bg7 6. Nd5 Ne7 7. Bg5 Nbc6 8. Nf6+
Kf8 9. Nd5 h6 10. Bd2 f5 11. g3 Kf7 12. Nh4 f4 13. Bc3 h5 14. Nf3 Nxd5 15. cxd5
Nd4 16. Bxd4 cxd4 17. gxf4 exf4 18. Qd2 Rf8 19. h4 Ke7 20. Bh3 Qb6 21. Bxc8
Raxc8 22. Rg1 Rf6 23. Ke2 Re8 24. Rac1 Kf8 25. Rc4 Qb5 26. Rxd4 a5 27. Rc4 Qxd5
28. Rg5 Qf7 29. Qxa5 Rf5 30. Rxf5 gxf5 31. Ng5 Qg6 32. Qd5 fxe4 33. Rc7 exd3+
34. Kd1 Re5 35. Nh7+ 1-0

[Event "Vienna Chess Open 2013"]
[Site "Großer Festsaal im Wiener Rat"]
[Date "2013.08.24"]
[Round "8.26"]
[White "Ali Marandi, Cemil Can"]
[Black "Semenova, Irina"]
[Result "1-0"]
[WhiteElo "2407"]
[BlackElo "2240"]
[PlyCount "81"]
[EventDate "2013.??.??"]

1. e4 e5 2. Nf3 Nc6 3. Bb5 a6 4. Ba4 d6 5. O-O Bd7 6. d4 b5 7. Bb3 Nxd4 8. Nxd4
exd4 9. c3 dxc3 10. Qh5 Qf6 11. Nxc3 c6 12. Re1 Qg6 13. Qf3 Be7 14. h3 h5 15.
Ne2 Qf6 16. Qe3 g5 17. Bd2 Qg6 18. Bc3 f6 19. f4 g4 20. h4 Nh6 21. Rad1 g3 22.
f5 Qg4 23. Qxg3 Qxg3 24. Nxg3 Ng4 25. Ne2 a5 26. Nf4 a4 27. Bc2 O-O-O 28. Ng6
Rh7 29. Nxe7+ Rxe7 30. Rxd6 Rf7 31. b3 Rg8 32. bxa4 Kc7 33. Rd2 c5 34. axb5
Bxb5 35. a4 Ba6 36. Ba5+ Kc8 37. Rd6 Bc4 38. Rc6+ Kb7 39. Rxc5 Ne5 40. Rb1+ Ka6
41. Bc3 1-0

[Event "Vienna Chess Open 2013"]
[Site "Großer Festsaal im Wiener Rat"]
[Date "2013.08.24"]
[Round "8.27"]
[White "Newrkla, Katharina"]
[Black "Vyskocil, Neklan"]
[Result "1/2-1/2"]
[WhiteElo "2152"]
[BlackElo "2398"]
[PlyCount "157"]
[EventDate "2013.??.??"]

1. e4 c5 2. Nf3 Nc6 3. d4 cxd4 4. Nxd4 Qb6 5. Nb3 Nf6 6. Nc3 e6 7. Be3 Qc7 8.
Qd2 a6 9. f3 b5 10. O-O-O Be7 11. g4 Ne5 12. Qf2 Rb8 13. Kb1 Nc4 14. Bxc4 bxc4
15. Nc5 d6 16. N5a4 O-O 17. Ka1 Nd7 18. Rhg1 Qc6 19. a3 a5 20. g5 Ba6 21. Rb1
Rb7 22. f4 f5 23. exf5 Rxf5 24. h4 d5 25. Qd2 Rb8 26. h5 Bb5 27. Nxb5 Qxb5 28.
Nc3 Qa6 29. h6 g6 30. Qd4 Bf8 31. Ne4 dxe4 32. Qxd7 Rd5 33. Qc7 Qb5 34. b3 Rd7
35. Qxc4 Qxc4 36. bxc4 Rc8 37. c5 Kf7 38. Rgd1 Rxd1 39. Rxd1 Ke7 40. Rb1 Kd7
41. Rb7+ Rc7 42. Rxc7+ Kxc7 43. Kb2 Kc6 44. Kc3 Bxc5 45. Bxc5 Kxc5 46. Kd2 Kd4
47. c3+ Kd5 48. Ke3 a4 49. c4+ Kxc4 50. Kxe4 Kb3 51. Ke5 Kxa3 52. Kxe6 Kb4 53.
f5 a3 54. f6 a2 55. f7 a1=Q 56. f8=Q+ Kc4 57. Qc8+ Kd3 58. Qd7+ Ke4 59. Qxh7
Qa6+ 60. Kf7 Kf5 61. Qg8 Qa7+ 62. Kf8 Qc5+ 63. Kg7 Qd4+ 64. Kh7 Kxg5 65. Qxg6+
Kh4 66. Kg8 Qd8+ 67. Kg7 Qe7+ 68. Qf7 Qg5+ 69. Kh7 Kh3 70. Qe6+ Kh2 71. Qd6+
Kh3 72. Kh8 Qh5 73. Qe6+ Kh2 74. h7 Qg5 75. Qf7 Kh1 76. Qf1+ Kh2 77. Qf2+ Kh1
78. Qf3+ Kh2 79. Qf2+ 1/2-1/2

[Event "Vienna Chess Open 2013"]
[Site "Großer Festsaal im Wiener Rat"]
[Date "2013.08.24"]
[Round "8.28"]
[White "Alvir, Aco"]
[Black "Kravanja, Georg"]
[Result "1/2-1/2"]
[WhiteElo "2383"]
[BlackElo "2150"]
[PlyCount "68"]
[EventDate "2013.??.??"]

1. e4 c6 2. d4 d5 3. Nc3 dxe4 4. Nxe4 Bf5 5. Ng3 Bg6 6. h4 h6 7. Nf3 Nd7 8. h5
Bh7 9. Bd3 Bxd3 10. Qxd3 e6 11. Bf4 Qa5+ 12. Bd2 Bb4 13. c3 Be7 14. c4 Qc7 15.
d5 cxd5 16. cxd5 Qd6 17. Qb3 Ngf6 18. dxe6 Qxe6+ 19. Qxe6 fxe6 20. Bc3 O-O 21.
Nh4 Bc5 22. Ng6 Rf7 23. O-O Kh7 24. Nf4 Ng4 25. Nd3 Bb6 26. Rae1 Nc5 27. Nxc5
Bxc5 28. Ne4 Bb6 29. Re2 Rd8 30. Be1 Rd3 31. Nc3 e5 32. Ne4 Rf5 33. Rd2 Rxd2
34. Bxd2 Rxh5 1/2-1/2

[Event "Vienna Chess Open 2013"]
[Site "Großer Festsaal im Wiener Rat"]
[Date "2013.08.24"]
[Round "8.29"]
[White "Shengelia, David"]
[Black "Abdumalik, Zhansaya"]
[Result "1-0"]
[WhiteElo "2565"]
[BlackElo "2265"]
[PlyCount "93"]
[EventDate "2013.??.??"]

1. d4 Nf6 2. g3 d5 3. Bg2 Bf5 4. c4 c6 5. Nc3 e6 6. Nf3 h6 7. O-O Be7 8. Nd2
O-O 9. e4 dxe4 10. Ndxe4 Nbd7 11. Be3 Nxe4 12. Nxe4 Nf6 13. Nc3 Qa5 14. a3 Rad8
15. b4 Qc7 16. Qb3 a6 17. h3 b5 18. Rfd1 Qd7 19. g4 Bg6 20. Rd2 h5 21. g5 bxc4
22. Qxc4 Nd5 23. Nxd5 cxd5 24. Qxa6 Ra8 25. Qf1 Ra4 26. Rda2 Rfa8 27. Qe2 Qa7
28. b5 Qb6 29. Bf1 f6 30. Rc1 Be8 31. g6 Bxg6 32. Rc6 Qb7 33. Rxe6 Qd7 34. Ra6
R4xa6 35. bxa6 Bf5 36. Rb2 Bxa3 37. Rb7 Qe6 38. Qxh5 Bd6 39. Bb5 Rd8 40. a7 Be4
41. Bd7 Qe7 42. Qg4 f5 43. Be6+ Kf8 44. Rxe7 fxg4 45. Rd7 Ra8 46. Rxd6 Rxa7 47.
Bxg4 1-0

[Event "Vienna Chess Open 2013"]
[Site "Großer Festsaal im Wiener Rat"]
[Date "2013.08.24"]
[Round "8.30"]
[White "Rombaldoni, Denis"]
[Black "Ludwig, Peter"]
[Result "1-0"]
[WhiteElo "2498"]
[BlackElo "2265"]
[PlyCount "45"]
[EventDate "2013.??.??"]

1. d4 Nf6 2. Bg5 c5 3. d5 Qb6 4. Nc3 Qxb2 5. Bd2 Qb6 6. e4 d6 7. f4 e6 8. Bb5+
Bd7 9. Bxd7+ Nbxd7 10. Rb1 Qa6 11. dxe6 fxe6 12. Nf3 O-O-O 13. Ng5 Re8 14. Nf7
Rg8 15. e5 dxe5 16. fxe5 Nd5 17. Nb5 Kb8 18. O-O N7b6 19. Rf3 Qxa2 20. Ra3 Qc4
21. Rxa7 Re7 22. Nfd6 Qh4 23. Rba1 1-0

[Event "Vienna Chess Open 2013"]
[Site "Großer Festsaal im Wiener Rat"]
[Date "2013.08.24"]
[Round "8.31"]
[White "Blechzin, Igor"]
[Black "Schwab, Rene"]
[Result "1-0"]
[WhiteElo "2445"]
[BlackElo "2255"]
[PlyCount "75"]
[EventDate "2013.??.??"]

1. c4 c6 2. Nf3 d5 3. Qc2 Nf6 4. g3 g6 5. Bg2 Bg7 6. O-O O-O 7. b3 a5 8. Nc3
Ne4 9. Bb2 Bf5 10. d3 Nxc3 11. Bxc3 Bxc3 12. Qxc3 Na6 13. a3 Bg4 14. Ne5 Bc8
15. d4 f6 16. Nd3 Be6 17. f3 Bf7 18. e4 dxc4 19. bxc4 b5 20. c5 Qd7 21. Rfd1
Rab8 22. Nf4 g5 23. Bh3 Qc7 24. Ne6 Bxe6 25. Bxe6+ Kg7 26. d5 cxd5 27. Rxd5
Rfd8 28. Rxg5+ Kh8 29. Rh5 Qc6 30. Bf5 Qxc5+ 31. Qxc5 Nxc5 32. Rxh7+ Kg8 33.
Rxe7 Rd2 34. Rc7 Nd3 35. Rd7 b4 36. e5 b3 37. Rxd3 b2 38. Rb1 1-0

[Event "Vienna Chess Open 2013"]
[Site "Großer Festsaal im Wiener Rat"]
[Date "2013.08.24"]
[Round "8.32"]
[White "Beshukov, Sergei"]
[Black "Wiesinger, Robert"]
[Result "1-0"]
[WhiteElo "2441"]
[BlackElo "2252"]
[PlyCount "67"]
[EventDate "2013.??.??"]

1. c4 e5 2. g3 Nc6 3. Bg2 Nf6 4. Nc3 Bb4 5. d3 O-O 6. Bd2 Re8 7. Nf3 Bxc3 8.
Bxc3 e4 9. Ng5 e3 10. f4 d5 11. cxd5 Ne7 12. Bxf6 gxf6 13. Ne4 Nxd5 14. Qb3 c6
15. O-O Qb6 16. Qa3 Bg4 17. Bf3 Bxf3 18. Rxf3 a5 19. Rff1 Qb4 20. Qb3 Ra6 21.
Qc2 Rb6 22. b3 a4 23. bxa4 Ra8 24. Rab1 Qd4 25. Qc4 Rxa4 26. Qxd4 Rxd4 27.
Nxf6+ Kg7 28. Nxd5 Rxb1 29. Rxb1 cxd5 30. Rxb7 Ra4 31. Rb2 h5 32. Kg2 d4 33.
Kf3 f5 34. a3 1-0

[Event "Vienna Chess Open 2013"]
[Site "Großer Festsaal im Wiener Rat"]
[Date "2013.08.24"]
[Round "8.33"]
[White "Bird, Andrew"]
[Black "Guido, Flavio"]
[Result "0-1"]
[WhiteElo "2262"]
[BlackElo "2418"]
[PlyCount "118"]
[EventDate "2013.??.??"]

1. d4 Nf6 2. Bg5 d5 3. e3 c5 4. Bxf6 gxf6 5. c4 cxd4 6. Qxd4 Nc6 7. Qxd5 Qxd5
8. cxd5 Nb4 9. Bb5+ Bd7 10. Bxd7+ Kxd7 11. Na3 Nxd5 12. Rd1 Kc6 13. Nf3 e6 14.
Nd4+ Kb6 15. Nc4+ Ka6 16. e4 Bb4+ 17. Ke2 Nf4+ 18. Kf3 Ng6 19. g3 Rac8 20. Ne3
Rhd8 21. Ke2 Bc5 22. Ndc2 Kb5 23. Rxd8 Rxd8 24. f4 h5 25. Rf1 Be7 26. f5 Ne5
27. Rf4 Nd3 28. Rh4 Nc1+ 29. Kf3 Rd2 30. Rxh5 Nd3 31. fxe6+ Ne5+ 32. Rxe5+ fxe5
33. h4 fxe6 34. b3 Kc6 35. a4 b5 36. axb5+ Kxb5 37. Ne1 Kb4 38. Nc4 Rh2 39.
Nxe5 Kxb3 40. Nc6 Bc5 41. Nd3 Bb6 42. Nf4 a5 43. Nxa5+ Bxa5 44. Nxe6 Kc4 45.
Kg4 Be1 46. Nf4 Bd2 47. Kf5 Bxf4 48. Kxf4 Kd4 49. Kg5 Ke5 50. g4 Ke6 51. h5 Kf7
52. Kh6 Re2 53. g5 Kg8 54. Kg6 Rxe4 55. Kf6 Ra4 56. Kg6 Ra6+ 57. Kf5 Kf7 58.
Ke5 Ra5+ 59. Kf4 Ke6 0-1

[Event "Vienna Chess Open 2013"]
[Site "Großer Festsaal im Wiener Rat"]
[Date "2013.08.24"]
[Round "8.35"]
[White "Kraidman, Yair"]
[Black "Rosner, Jonas"]
[Result "0-1"]
[WhiteElo "2264"]
[BlackElo "2365"]
[PlyCount "130"]
[EventDate "2013.??.??"]

1. d4 d5 2. Nf3 Nf6 3. Bf4 c5 4. c3 Qb6 5. Qb3 Nc6 6. e3 c4 7. Qxb6 axb6 8. Ne5
Bf5 9. a3 b5 10. Nxc6 bxc6 11. Nd2 e6 12. Rc1 Be7 13. Be2 Nd7 14. f3 Nb6 15. e4
Bg6 16. Kf2 Na4 17. Rc2 O-O 18. Ra1 c5 19. Be3 f5 20. Kg1 cxd4 21. cxd4 Rfc8
22. Rac1 Nxb2 23. Rxb2 Bxa3 24. Rbc2 Bxc1 25. Rxc1 b4 26. Nxc4 dxc4 27. Bxc4
Bf7 28. Kf2 Ra3 29. exf5 Rc3 30. Rxc3 bxc3 31. Bxe6 Bxe6 32. fxe6 Rc6 33. Ke2
c2 34. Bc1 Rxe6+ 35. Kd3 Kf7 36. d5 Re1 37. Kxc2 Re2+ 38. Kd3 Rxg2 39. Bf4 Kf6
40. Ke4 Re2+ 41. Kd3 Ra2 42. d6 Ke6 43. Ke4 Re2+ 44. Kd3 Rg2 45. Bg3 h5 46. Ke4
Re2+ 47. Kd3 Ra2 48. Ke3 Ra4 49. h4 Ra2 50. Bf4 Rg2 51. Ke4 Re2+ 52. Kd3 Re1
53. Kd4 Rh1 54. Bg5 Kxd6 55. Ke4 Ke6 56. Kf4 Rb1 57. Bd8 Rb5 58. Kg3 Kd5 59.
Kf4 Kd4 60. Bc7 g6 61. Kg3 Ke3 62. Bd8 Rf5 63. Bg5+ Ke2 64. f4 Ke3 65. Bh6 Kd4
0-1

[Event "Vienna Chess Open 2013"]
[Site "Großer Festsaal im Wiener Rat"]
[Date "2013.08.24"]
[Round "8.36"]
[White "Boric, Elena"]
[Black "Schwabeneder, Florian"]
[Result "1/2-1/2"]
[WhiteElo "2235"]
[BlackElo "2346"]
[PlyCount "102"]
[EventDate "2013.??.??"]

1. e4 e6 2. Qe2 c5 3. f4 Nc6 4. Nf3 Be7 5. d3 d5 6. g3 Nf6 7. Bg2 O-O 8. O-O b5
9. Nc3 b4 10. exd5 exd5 11. Nd1 Re8 12. Nf2 Bd6 13. Qd2 Qc7 14. b3 Nd4 15. Nxd4
cxd4 16. Bb2 Bc5 17. a3 a5 18. axb4 Bxb4 19. Qd1 Qc5 20. g4 Bb7 21. g5 Nd7 22.
Bh3 Nf8 23. Ng4 Ng6 24. f5 Ne5 25. f6 Nxg4 26. Qxg4 g6 27. Rf2 Bc8 28. Qg2 Re3
29. Bxc8 Rxc8 30. Qg4 Bc3 31. Ba3 Qc6 32. Raf1 Qe6 33. Qxe6 Rxe6 34. Kh1 Re5
35. Rg2 Rc6 36. Bc1 Rce6 37. Rgf2 Kf8 38. Bf4 Re2 39. Kg2 Ke8 40. Kf3 Rxf2+ 41.
Rxf2 Kd7 42. Re2 Rxe2 43. Kxe2 Ke6 44. Kf3 Kf5 45. h4 Be1 46. Bg3 Bxg3 47. Kxg3
Ke6 48. Kf4 Kd6 49. Kf3 Kc5 50. Ke2 Kb5 51. Kd1 Kc5 1/2-1/2